000 00329pam a2200157a 44500
008 230515b1949 xxu||||| |||| 00| 0 eng d
020 _aNULL
041 _aMARATHI
082 _a1
100 _aPHADAKE
245 _aJWARA-NIDHAN
250 _a1
260 _aSANGALI
_bN.D.
_c1949
300 _a100
650 _aJWARA-NIDHAN
999 _c496952
_d496952